[Event "Bundesliga 9900"]
[Site "Germany"]
[Date "2000.04.08"]
[Round "14.3"]
[White "Mueller, Karsten"]
[Black "Khalifman, Alexander"]
[Result "0-1"]
[WhiteElo "2533"]
[BlackElo "2628"]
[Annotator "Rogozenco,D"]
[PlyCount "126"]
[EventDate "1999.10.09"]
[EventType "team-tourn"]
[EventRounds "15"]
[EventCountry "GER"]
[SourceTitle "CBM 076"]
[Source "ChessBase"]
[SourceDate "2000.05.31"]
[SourceVersion "1"]
[SourceVersionDate "2000.05.31"]
[SourceQuality "1"]
[WhiteTeam "Hamburger SK"]
[BlackTeam "Porz"]
[WhiteTeamCountry "GER"]
[BlackTeamCountry "GER"]

1. e4 c5 2. Nf3 Nc6 3. d4 cxd4 4. Nxd4 Nf6 5. Nc3 e5 6. Ndb5 d6 7. Bg5 a6 8.
Na3 b5 9. Nd5 Be7 10. Bxf6 Bxf6 11. c3 Rb8 12. Nc2 O-O 13. h4 {After the
famous game Kasparov-Lautier, Moscow ol.1994 this pawn advance became the main
continuation in the position.} Be7 {It's remarkable that the World Champion
chooses 13. ... Be7. Until this game none of the top players tried it.} 14. g3
{White proved to be not very well prepared. After this harmless move the
position is equal.} (14. Nce3 Be6 15. Bd3 {-14.Bd3}) (14. Bd3 Be6 (14... f5 $5)
15. Nce3 Qd7 (15... a5 $5) 16. a4 $1 Bd8 17. axb5 axb5 18. h5 (18. b4 Ne7 $1
$11) 18... Kh8 (18... h6 $5) 19. Qf3 (19. Ra6 $1 Bg5 (19... Ne7 20. Bc2 $14)
20. Qe2 Ne7 21. Nb4 $14) (19. Bc2 Bg5 20. Bb3 b4 $11) (19. h6 g6 $13) 19... Bg5
20. Qg3 h6 21. O-O b4 22. Rfd1 bxc3 23. bxc3 Ne7 24. Bf1 Bxe3 25. Nxe3 f5 26.
exf5 Nxf5 27. Nxf5 Bxf5 {1/2-1/2 Kengis,E-Schandorff,L/Aarhus 1997}) 14... Be6
15. Bg2 Qd7 16. Nce3 Bd8 17. O-O (17. Qd3 Kh8 18. Rd1 a5 19. Rd2 b4 $11 {
1/2-1/2 Vokarev,S-Richter,M/Polanica Zdroj 1999/(48)}) 17... Ne7 18. Nxe7+ (18.
Qd3 Nxd5 19. Nxd5 a5 $11) 18... Qxe7 (18... Bxe7 $11) 19. Nf5 {The Knight goes
to the wrong square and looses control over d5-square.} Qd7 $1 {This probably
came as a total surprise for White. Now if White takes on d6, after g7-g6 he
will have to push f2-f4 to save the Knight from d6. The advance f4 looks ugly
in combination with the pawn on h4, but I believe 20.Nxd6 was the best chance
for White.} (19... Bxf5 20. exf5 {[%csl Gd5,Ge4] White has an absolute control
over the light squares in the center and has nothing to fear. The position is
equal or even slightly better for White.}) 20. Qd2 $6 (20. Qxd6 Qxd6 (20...
Bxf5 $2 21. Qxb8 $18) 21. Nxd6 g6 $1 {[%csl Rd6]} 22. Rfd1 (22. a4 $2 Rb6 23.
Rfd1 Bc7 $19) (22. f4 exf4 23. gxf4 Bxh4 $15) 22... Rb6 23. Rd2 Bc7 $1 (23...
Be7 24. Rad1 Bxa2 25. Bh3 Bb3 (25... f5 26. exf5 Bb3 27. f6 Bxf6 28. Ra1 $16)
26. Nc8 $11) 24. Rad1 Bxa2 25. Bh3 f5 26. exf5 Bb3 $17) (20. Nxd6 g6 21. f4 $8
exf4 22. Rxf4 Bb6+ 23. Kh2 f6 $15) 20... d5 $36 {[%csl Rf5]} 21. Rad1 Qa7 22.
Rfe1 b4 $5 23. cxb4 d4 {[%csl Ra2,Rb2,Rb4,Rf5,Rg2][%cal Gb8b2,Ga6a5]} 24. a3 (
24. b3 a5 $36) 24... a5 $44 25. bxa5 $2 {This move looses material and White
fails to get any sort of compensation for the exchange.} (25. Bf1 axb4 26. axb4
{[%cal Gb4b5,Gd1a1] Black has good compensation for the pawn but there is
still a lot of play ahead and White can put a lot of resistance.}) 25... Bb3 $1
26. Bf1 Bxa5 27. Qg5 f6 28. Qg4 Kh8 29. h5 Bxe1 30. Rxe1 Be6 $19 31. Qe2 Rb3
32. Rd1 Rfb8 33. Rd2 Qb6 34. h6 g6 35. Ne7 Rxb2 36. Rxb2 Qxb2 37. Qa6 {The
only hope for White remains the enemy King. However, with an accurate play
Black wins easily.} Qb6 38. Qa4 Qc7 39. Nd5 Bxd5 40. exd5 Rd8 41. Qa6 Rd6 42.
Qa4 Qb8 (42... Rxd5 $4 43. Qe8#) 43. Bc4 Kg8 44. Qc2 Kf8 45. a4 Qc7 46. Qa2 Qa5
47. Qa3 Ke7 48. Kg2 e4 49. Qb2 Qb6 50. Qe2 e3 {This move required an exact
evaluation of the arising endgame.} (50... f5 51. Qd2 Qc5 52. Qg5+ Rf6 $19) 51.
fxe3 dxe3 52. Kf3 Qd4 53. Qxe3+ Qxe3+ 54. Kxe3 Rb6 55. Bb5 (55. a5 Rb1 56. a6
Kd6 57. Kd4 f5 $19) 55... Kd6 56. Kd4 f5 57. Kc4 g5 58. a5 Rb8 59. Bc6 g4 60.
a6 f4 61. a7 Rf8 62. a8=Q Rxa8 63. Bxa8 fxg3 0-1

[Event "EU-Cup 15th final"]
[Site "Bugojno"]
[Date "1999.10.29"]
[Round "1"]
[White "Huzman, Alexander"]
[Black "Khalifman, Alexander"]
[Result "1-0"]
[WhiteElo "2581"]
[BlackElo "2628"]
[Annotator "Huebner,R"]
[PlyCount "143"]
[EventDate "1999.10.29"]
[EventType "team-k.o."]
[EventRounds "3"]
[EventCountry "BIH"]
[SourceTitle "EXT 2020"]
[Source "ChessBase"]
[SourceDate "2019.10.17"]
[SourceVersion "1"]
[SourceVersionDate "2019.10.17"]
[SourceQuality "1"]
[WhiteTeam "Beer-Sheva Chess Club"]
[BlackTeam "St Petersburg"]
[WhiteTeamCountry "ISR"]
[BlackTeamCountry "RUS"]

1. d4 d5 2. c4 c6 3. Nf3 Nf6 4. Nc3 a6 5. c5 Nbd7 6. Bf4 Nh5 7. e3 Nxf4 8. exf4
b6 (8... g6 9. Bd3 Bg7 10. Ne5 (10. O-O O-O 11. b4 {+=}) 10... Qc7 11. h4 f6
12. Nxd7 Bxd7 13. f5 Qf4 14. fxg6 Qxd4 15. gxh7 Qxc5 16. Bg6+ Kd8 {=+ 1/2-1/2
Tregubov,P-Ivanov,V/Elista 1994/CBM 44 (46)}) 9. cxb6 Qxb6 10. Qd2 e6 11. Rc1
Rb8 ({Laut A. Huzman (Schach 12/1999, S.27) sollte Schwarz 11...c5 spielen;
nach dem Textzug erh�lt er keine Gelegenheit mehr dazu, diesen Vorsto�
durchzusetzen, und sein c-Bauer bleibt r�ckst�ndig. Auch die folgenden
Varianten, welche zeigen, da� eine taktische Widerlegung des Vorsto�es
nicht m�glich ist, stammen von A. Huzman, loc. cit.:} 11... c5 12. Na4 Qa7
13. dxc5 Nxc5 14. Qd4 (14. Nxc5 Bxc5 15. Bd3 Bd6 (15... O-O 16. Bxh7+ {+-}) 16.
O-O O-O {=}) 14... Nxa4 15. Rxc8+ Kd7 16. Qxa4+ (16. Rxa8 Qxd4 17. Nxd4 Bb4+ {
=+}) (16. Qxa7+ Rxa7 17. Rc2 f6 {= A. Huzman} 18. g3 Bd6 19. Bh3) 16... Kxc8
17. Qe8+ (17. Ne5 Qc7 18. Bxa6+ Kd8 {~}) 17... Kc7 18. Qxf7+ Kd6 (18... Kb8 19.
Qxe6 Bb4+ 20. Kd1 {~}) 19. Ne5 {~}) 12. Na4 ({Dies ist st�rker als} 12. Rc2
Bd6 13. Bd3 c5 14. Na4 Qc7 15. Nxc5 Nxc5 16. dxc5 Bxf4 17. Qc3 e5 {A. Huzman,
loc. cit. Wei� verhindert c6-c5.}) 12... Qb4 13. Qxb4 Bxb4+ ({Die Fortsetzung
} 13... Rxb4 14. b3 Bb7 {wird von A. Huzman in Schach 12/1999, S.27 diskutiert;
Schwarz will unter Umst�nden Tb4xa4 nebst c6-c5 spielen. Huzman meint, da�
Wei� mit} 15. Nb2 c5 (15... Rb6 16. Nd3 Ba3 17. Rc2 Ke7 18. Nfe5 {+/-}) 16.
Nd3 Rb5 17. Nde5 (17. Nxc5 Bxc5 18. dxc5 Rxc5 {=}) 17... Ra5 18. b4 cxb4 19.
Rc7 Nxe5 20. fxe5 b3 21. axb3 Ba8 22. Kd1 {Vorteil erzielen kann. Mir scheint
jedoch, da� Schwarz mit der Fortsetzung 17...Se5:18.ba5: (18.fe5: Ta2:19.bc5:
Lc6 ist nicht �berzeugender) 18...Sf3:+ 19.gf3: c4 20.Tb1 Lc8 erfolgreich
Widerstand leisten kann. In der ersten Klammeranmerkung sollte Schwarz 17...f6
an Stelle von 17...Ke7 spielen; auch diese Lage ist wenig klar.}) 14. Kd1 Bb7
15. a3 (15. Ne5 {(A. Huzman) war angewiesen, um den Einflu� auf das Feld c5
zu vergr��ern.}) 15... Bd6 16. g3 $6 (16. Ne5 {sollte auch hier noch
geschehen. Jetzt verhindert Schwarz diesen Zug.}) 16... f6 17. Bh3 Kf7 18. Re1
Rhe8 19. Rc3 a5 20. Kc2 (20. Nd2 {mit der Idee, Sd2-b3 zu spielen, den Bauern
auf a5 anzugreifen und die Kontrolle �ber das Feld c5 zu mehren, kam stark
in Betracht. Nach} Ba8 21. Nb3 Nb6 (21... Rb5 22. Bf1) 22. Nac5 a4 23. Bxe6+
Rxe6 24. Rxe6 Bf8 25. f5 axb3 26. Rxb3 {hat Wei� erklecklichen Vorteil, weil
der L�ufer auf a8 zu baldigen Gro�taten nicht imstande ist.}) 20... h6 21.
Rce3 Nf8 22. Nc5 Bc8 23. Kb1 g5 24. Nd3 ({Nach} 24. fxg5 Bxc5 25. dxc5 hxg5 26.
Nd4 e5 27. Bxc8 Rexc8 28. Nf5 Ke6 {bekommt Schwarz eine erfreuliche Stellung.})
24... Bd7 {Dieser Zug leistet nicht viel. Mehr verspricht} (24... gxf4 25. gxf4
Re7 (25... Ba6 26. Nc5 {bringt dem Schwarzen nichts ein.}) 26. Bg4 Reb7 {
mit einigem Druck.}) 25. Bg4 Ng6 $6 {Ich sehe keinen Grund daf�r, sich diese
Selbstfesselung aufzuerlegen.} (25... Kg7 {war solider.}) 26. Bh5 Kg7 27. h4 $2
({Viel st�rker war, wie A. Huzman angibt,} 27. fxg5 hxg5 28. h4 {. Wei�
erobert entweder das Feld e5 oder Material, zum Beispiel:} Rh8 29. Bxg6 g4 30.
h5) 27... gxf4 28. Nxf4 {Wenn Schwarz den Zwischentausch auf f4 zu einem
fr�heren Zeitpunkt durchgef�hrt h�tte, st�nde dem Wei�en diese
M�glichkeit nun nicht zur Verf�gung.} Bxf4 $2 (28... Nxf4 29. Bxe8 Rxe8 ({
Weniger genau ist} 29... Bxe8 30. gxf4 Bg6+ 31. Ka2 {, weil der Bauer auf c6
schwach wird.}) 30. gxf4 Bxf4 {(A. Huzman, Schach 12/1999, S.28) f�hrte zu
etwa gleichem Spiel.}) 29. gxf4 Kh7 $6 ({Auf} 29... Nxf4 {folgt} 30. Rg1+ ({
Nach} 30. Bxe8 Bxe8 {gelangt der L�ufer des Schwarzen �ber g6 ins Spiel.})
30... Kf8 31. Bxe8 Rxe8 (31... Bxe8 {wird nun mit} 32. Rg4 {beantwortet.}) 32.
Ka2 {mit erklecklichem Vorteil f�r Wei�. Dennoch war dies der beste
Versuch f�r Schwarz.}) ({Nach} 29... Rg8 30. f5 exf5 (30... Nf4 31. fxe6 Bxe6
32. Rxe6 Nxh5 33. Rxc6 {ist unerfreulich f�r Schwarz.}) 31. Bxg6 Kxg6 32. Re7
Rbd8 33. Rg1+ Kh5 34. Rxg8 Rxg8 35. Rxd7 Rg2 36. Kc2 Rxf2+ 37. Nd2 {gewinnt
Wei� ohne gr��ere M�he.}) 30. f5 {+-} exf5 31. Rg1 Nf4 32. Bxe8 Rxe8
33. Rxe8 Bxe8 34. Re1 Bh5 35. Re7+ Kg6 36. Ne1 Ne2 37. Nc2 $2 (37. Nd3 {+-})
37... Bf3 $2 ({Mit} 37... f4 {oder}) (37... Bg4 {h�tte Schwarz sich
beachtliche Gegenchancen verschaffen k�nnen.}) 38. Re3 Bh5 39. f3 (39. a4 {
gefolgt von b2-b4 wird von A. Huzman vorgeschlagen (loc. cit.).}) 39... Ng1 40.
Ne1 f4 41. Rc3 Ne2 42. Rxc6 Nxd4 43. Rc3 ({Nach} 43. Rc5 Nxf3 (43... Bxf3 44.
Nxf3 Nxf3 45. Rxd5 Ne5 46. Kc2 {+-}) 44. Nxf3 (44. Nd3 Kf5 45. Rxd5+ Ne5 {
ist �u�erst unklar.}) 44... Bxf3 45. Kc1 Kh5 46. Rxa5 Kxh4 {ist es
durchaus nicht sicher, ob Wei� schneller ist; der Turm ist in dieser
Stellung kaum wertvoller als der L�ufer. Der Textzug ist weit sicherer.})
43... Kf5 44. b4 axb4 45. axb4 Ke6 46. Kb2 Kd6 47. Rd3 Ke5 48. Rc3 Kd6 49. Ra3
Ke5 50. Kc1 Be8 51. Kd2 Bh5 52. Rc3 Kd6 53. Kd3 Nb5 (53... Nxf3 {rettet den
Schwarzen nicht:} 54. Nxf3 Bxf3 55. b5 Ke5 (55... Bg2 56. Kd4 f3 57. b6 f2 58.
b7 f1=Q 59. b8=Q+ Ke6 60. Qc8+ {nebst matt: A. Huzman, Schach 12/1999, S. 28.})
56. Rc5 Be4+ 57. Kd2 Kd6 58. b6 {+-}) 54. Rc8 Bg6+ 55. Kd2 Nd4 56. Rh8 Nf5 57.
Rd8+ Kc7 58. Rf8 Nxh4 59. Rxf6 h5 60. Ke2 Bb1 61. Rxf4 Ng6 62. Rf6 Ne5 63. Ke3
Nc6 64. Nd3 Bxd3 65. Kxd3 Nxb4+ 66. Kd4 h4 67. Rh6 Kd7 68. Ke5 Nd3+ 69. Kxd5
Ke7 70. Rxh4 Kf6 71. Kd4 Nb4 72. Kc4 1-0

[Event "Budapest m"]
[Site "Budapest"]
[Date "2000.01.09"]
[Round "6"]
[White "Leko, Peter"]
[Black "Khalifman, Alexander"]
[Result "1-0"]
[WhiteElo "2701"]
[BlackElo "2628"]
[Annotator "Mikhalevski,V"]
[PlyCount "85"]
[EventDate "2000.01.03"]
[EventType "match"]
[EventRounds "6"]
[EventCountry "HUN"]
[SourceTitle "CBM 075"]
[Source "ChessBase"]
[SourceDate "2000.04.05"]
[SourceVersion "1"]
[SourceVersionDate "2000.04.05"]
[SourceQuality "1"]

1. e4 e5 2. Nf3 Nc6 3. Bb5 a6 4. Ba4 Nf6 5. O-O Nxe4 6. d4 b5 7. Bb3 d5 8. dxe5
Be6 9. Nbd2 Nc5 10. c3 Be7 11. Bc2 d4 {I think Black should refrain from this
move as well as a move earlier as White has a clear way to gain an advantage.}
(11... Bg4 $5) 12. cxd4 {The most simple and perhaps the most strong reaction.
The arising endgame looks better for White.} ({The alternative of 12.cd is} 12.
Ne4 d3 (12... dxc3) 13. Nxc5 dxc2 14. Qxd8+ Rxd8 15. Nxe6 fxe6 16. Be3 $14 {
with a slight adge for White at the endgame.See Sutovsky-Krasenkow,China 1999/
CBM73[Mikhalevski]}) (12. Nb3 $5) 12... Nxd4 13. Nxd4 Qxd4 14. Nf3 (14. Qe2)
14... Qxd1 15. Rxd1 Bg4 (15... O-O {looks better} 16. Ng5 h6 17. Bh7+ Kh8 18.
Nxe6 Nxe6 19. Be4 Rad8 20. Be3 Bg5 $1 21. Bxg5 hxg5 22. Kf1 g6 23. Rac1 Kg7 24.
g3 g4 25. Bd5 Rfe8 26. Bc6 Rh8 27. Kg2 Nd4 28. Bb7 c6 29. Bc8 Ne2 30. Rxd8 Nxc1
31. Rxh8 Kxh8 32. a3 Nd3 33. b3 a5 34. Bxg4 Nxe5 35. Be2 $14 {1/2-1/2 Anand,
V-Greenfeld,A/Haifa ISR 2000 (54)}) 16. Be3 {For the comments on the earlier
stage of the game see Onischuk-Tong Yuanming,China 1998/CBM 66[Mikhalevski,V]}
(16. h3 Bh5 (16... Bxf3 17. gxf3 {Onischuk-Tong Yuanming,China 1998/CBM 66
[Mikhalevski,V]}) 17. b4 Ne6 18. Be4 Rd8 19. Rxd8+ Nxd8 20. Bd2 Bg6 21. Bd5 c6
22. Bb3 Ne6 23. a4 Bd3 24. Ne1 Nd4 25. Ba2 Bc4 26. Bxc4 bxc4 27. Ra2 Kd7 28.
Bc3 Nb3 29. Re2 Ke6 {and Black is OK.1/2-1/2 Rogovoi,M-Sepman,Y/St Petersburg
1996/CBM 56 ext (60)}) (16. b4 Nd7 17. Bb2 Rd8 18. a3 O-O 19. Rd2 $2 Bxf3 20.
gxf3 Nxe5 $1 $17 21. Re2 Nxf3+ 22. Kg2 Nh4+ 23. Kh3 Rfe8 24. Rxe7 Rxe7 25. Kxh4
Re2 26. Rg1 Rxc2 27. Bxg7 Rc4+ $1 28. f4 Rxf4+ 29. Kg5 Rf2 30. Bf6 Rd5+ {
0-1 Wets,G-Dridi,A/Gausdal 1986/EXT 97 (30)}) 16... O-O 17. h3 $1 {As strong
as simple.} (17. Rd4 Bxf3 18. gxf3 Rad8 19. Rad1 Ne6 20. Rd7 Rfe8 21. Kg2 Rxd7
22. Rxd7 a5 23. f4 Bd8 24. a4 bxa4 25. Bxa4 Re7 26. Rd5 c6 27. Bxc6 Rc7 28. Bd7
Nf8 29. Bf5 Be7 30. Rxa5 Rb7 31. Ra7 {1-0 Bisco,I-Kramarik,P/SVK-chT2 1995/EXT
97 (31)}) 17... Bxf3 $6 {[%mdl 16384] Exchanging the bishop Khalifman agrees
with a long suffer.The strength of bishops pair shouldn't be underestimated.} (
{I think Black should keep the bishop by means of} 17... Bh5 18. Rd5 {[%cal
Gd5d7]} Ne6 19. Rd7 Rfe8 $14) 18. gxf3 {[%csl Gc2,Ge3] Strong mobile centre
supported by bishops pair secures a better play.White's plan for next few
moves is obvious.He plays f4,then brings his king to f3 and prepare advance f5
or with the king on g2 f4-f5,then f2-f4 and king to f3.At the same time Black
has no good options.} Rfd8 19. f4 g6 20. Kg2 ({The same position by another
moves order was reached in another game.The game continued} 20. f5 gxf5 21.
Bxf5 Ne6 22. f4 c5 23. Kf2 Rxd1 24. Rxd1 Rd8 25. Rxd8+ Bxd8 26. Bxe6 fxe6 27.
Bxc5 $16 {1-0 Konguvel,P-Sriram,J/Calcutta IND 2000 (54)}) 20... Na4 {From the
one hand the text move is a very responsible decision as Black remains with a
complex of weak pawns on the queen side,but from the other hand I don't see
anything better.Black's suffering wasn't less when he had allowed a slow
strengthening of White's position in Onischuk-Tong Yuanming,China 1998/CBM 66
[Mikhalevski,V]} 21. Rxd8+ Rxd8 22. Bxa4 bxa4 23. Rc1 $16 {[%csl Ra4,Ra6,Rc7,
Gg2][%cal Gg2f3,Gf3e4] White is clearly better thanks to the better pawn
structure and much more active king(Kg2-f3-e4)} c5 {Black is looking for an
escape in a rook ending.} (23... Rd7 {looks a bit passive and prevents from
Black a possible counterplay along the b-file.}) 24. Rc4 (24. Bxc5 {was also
possible,but Leko prefers more secure way.} Bxc5 (24... Rc8 25. Be3 Rxc1 26.
Bxc1 $16 {[%csl Ra4,Ra6][%cal Gg2f3,Gf3e4,Ge4c4,Ge4d5]}) 25. Rxc5 Rd2 26. Ra5
Rxb2 27. Rxa4 Rb6 28. Kf3 $16) 24... a3 (24... Rb8 {doesn't promise too much,
but was possible from the practical point of view in order to try complicating
of the position,while in the game Leko wins by means of a slow strengthening
of his position.} 25. Rxa4 Rxb2 26. Rxa6 {[%cal Gf4f5]} c4 $140 (26... h5 $5)
27. f5 gxf5 28. Bh6 Rb8 29. Rc6 Bf8 30. Bxf8 Kxf8 31. Rxc4 $16) 25. b3 $1 {
[%csl Ra3] Another pawn on a black square becomes an easy target for the white
bishop.} Kf8 ({Or} 25... Rd1 26. Rc1) 26. Kf3 {Centralization of the king is a
decisive factor now.Black's position is hopeless.} Ke8 27. Ke4 Rd1 28. Rc1 f5+
({After} 28... Rd8 29. f5 {with a full domination decides the game.}) 29. exf6
Rxc1 30. Bxc1 Bxf6 31. Bxa3 $18 {Bishops endgame doesn't even require a good
technics.} Bd4 32. f3 Kd7 33. Kd5 Be3 34. f5 {Accuracy untill the very end.} (
34. Bxc5 {is also sufficient for a win,but a move in the game is just stronger.
}) 34... gxf5 35. Bxc5 Bf4 36. b4 {[%cal Ga2a4,Gb4b5,Gc5d4,Gd4e5] White's plan
is very simple.He advances a and b pawns,creates a pass pawn advances it to b5
then brings his bishop to e5 and game is over.} Bd2 ({Or} 36... Bg3 37. a4 Bh2
38. b5 axb5 39. axb5 Bg3 40. Bd4 Bf4 41. b6 Bg3 (41... Kc8 42. Be5 Be3 43. Kc6)
42. Be5 {[%cal Gb6b8]}) 37. Bd6 (37. a4 $5) 37... Bc1 38. a4 Ba3 39. Bc5 Bb2
40. Bd4 Ba3 41. b5 axb5 42. axb5 Be7 43. b6 {[%cal Gd4e5] Very clear game of
Peter.He didn't leave a single chance to his very experiencied rival.} 1-0

[Event "Linares 17th"]
[Site "Linares"]
[Date "2000.03.01"]
[Round "3"]
[White "Leko, Peter"]
[Black "Khalifman, Alexander"]
[Result "1/2-1/2"]
[WhiteElo "2725"]
[BlackElo "2656"]
[Annotator "Psakhis,L"]
[PlyCount "76"]
[EventDate "2000.02.28"]
[EventType "tourn"]
[EventRounds "10"]
[EventCountry "ESP"]
[EventCategory "21"]
[SourceTitle "CBM 076"]
[Source "ChessBase"]
[SourceDate "2000.05.31"]
[SourceVersion "1"]
[SourceVersionDate "2000.05.31"]
[SourceQuality "1"]

1. e4 e6 2. d4 d5 3. Nc3 Bb4 4. e5 c5 5. a3 Ba5 {Very popular variant nowadays,
mostly thanks to efforts of Lputian and Vaganian.} 6. Qg4 {Kasparov played
against Khalifman 6.Bd2 Nc6 7.Qg4 few rounds later.} Ne7 7. dxc5 Bxc3+ 8. bxc3
Ng6 ({It is not clear how White can get an advantage after} 8... Qa5 9. Bd2 Ng6
{for example.} 10. h4 h5 11. Qg5 Nd7 12. c4 Qa4 13. Nf3 dxc4 14. Qe3 O-O 15.
Rc1 b6 16. cxb6 Nxb6 17. Qg5 c3 $1 {0-1 Lau,R-Vaganian,R/BL 1993 (42)}) (8...
O-O 9. Nf3 Nd7 10. Bd3 f5 11. exf6 Nxf6 12. Qh4 Nc6 13. Bg5 h6 14. Bxf6 Rxf6
15. O-O Qa5 16. c4 $1 $36 {1-0 Spassky,B-Comas Fabrego,L/Lyons 1991 (31)}) 9.
Bd3 (9. h4 h5 10. Qg3 Nd7 11. Nf3 Nxc5 12. Ng5 Qc7 13. Be3 Nd7 14. Bd4 Ndxe5
15. Bb5+ Kf8 16. O-O f6 {1/2-1/2 Spiriev,P-Mueller,K/Budapest GM 1991 (27)})
9... Nd7 10. Nf3 Qc7 {[%csl Gc1,Rc3,Rc5,Gd3,Re5]} 11. O-O Ndxe5 12. Nxe5 Qxe5
13. Bb5+ Bd7 14. Bxd7+ Kxd7 15. Qa4+ $1 $146 {[%mdl 8] Clear improvement
compare to} (15. Rb1 Rhb8 16. c4 (16. f4 Qf5 17. Qe2 Ne7 18. g4 Qe4 19. Be3 Nc6
20. Qd3 f5 21. Bd4 Qxd3 22. cxd3 b6 23. g5 g6 $15 {Khachian,M-Lputian,S/
Panormo zt 1998/0-1 (67)}) 16... Qe4 17. Qh3 d4 18. Qxh7 Rh8 19. Qxg7 Rag8 $132
{0-1 Fogarasi,T-Atalik,S/Budapest 72/291 1998/[Atalik,S] (24)}) 15... Ke7 16.
Qb4 {[%cal Rb4e7]} Rab8 17. f4 {Leko keeps initiative and organised strong
preasure on the black position.Open character of the position strongly favour
white's chances, thank's to unsecure position of the black king.} Qe4 18. f5
Qxb4 ({In the case of} 18... exf5 19. Bg5+ Kf8 20. c6+ (20. Rfe1 Qc4 $1) (20.
Rae1 Qxb4 21. axb4 $14) 20... Qxb4 21. axb4 bxc6 22. Rxa7 $36 {white advantage
is obvious.}) 19. axb4 exf5 20. Rxf5 {[%csl Ra7,Rd5]} ({It is not so clear} 20.
Rxa7 Ke6 {[%cal Gg6e5,Gf7f6]}) 20... Ke6 21. Rf2 (21. Rh5 $5 f6 $1 (21... Ra8
22. Bb2 $1 Ne5 23. Re1 f6 24. c4 $16) 22. Rxa7 Ra8 23. Rxa8 Rxa8 24. Rh3 Ra1
$44) 21... a6 22. Bf4 $5 Nxf4 (22... Rbe8 23. Bd6 $16 {[%csl Gd6]}) 23. Rxf4 {
[%mdl 4096]} f5 24. Rd4 $6 {I think, that move is inaccuracy, which increase
chances to save game for forgetive Khalifman.} (24. Re1+ $142 Kf6 25. g4 g6 26.
gxf5 gxf5 27. Rd4 $16) 24... Rbd8 25. Re1+ Kf6 26. Red1 Rhe8 $1 27. c4 ({
Doesn't leads to advantage} 27. Rxd5 Rxd5 28. Rxd5 Re2 (28... a5 $5) 29. Rd7
Rxc2 (29... Re7 $5) 30. Rxb7 Rxc3 31. Rb6+ Ke5 32. Rxa6 Rc1+ 33. Kf2 Rc2+ 34.
Kg3 g5 $44) (27. Kf2 Re5 28. c4 Ke6 29. h4 g6 $11) 27... Re2 28. Rxd5 Rde8 $1 {
[%csl Ge2,Ge8]} 29. R1d2 (29. Rd6+ Kg5 30. Rd7 g6) 29... Rxd2 30. Rxd2 Re1+ $1
(30... Re4 31. Rd7 Rxc4 32. Rxb7 a5 33. bxa5 Rxc5 34. a6 Rxc2 35. a7 Ra2 $11)
31. Kf2 Re4 32. Rd7 (32. Rd6+ Ke5 33. Rd7 Rxc4 $11) 32... Rxc4 33. Rxb7 a5 $5 (
33... Rxc2+ $5 34. Ke3 $140 Rxg2 35. c6 Ke6 $1) 34. bxa5 Rxc5 35. a6 Rxc2+ 36.
Kf3 Rc3+ 37. Ke2 Rc2+ 38. Ke3 Ke5 {I suppose it is mistake in scoresheet, in
other case I can't understand why Black did't continue} (38... Rxg2 39. a7 Ra2)
1/2-1/2